[Event "III. CLANSKA LIGA ZAHOD 2017"]
[Site "Komenda"]
[Date "2017.11.25"]
[Round "6.1"]
[White "Timagin, Piotr"]
[Black "Luzar, Emil"]
[Result "1-0"]
[WhiteElo "2322"]
[BlackElo "2141"]
[PlyCount "63"]
[EventDate "2017.11.25"]
[WhiteTeam "SK LJUBLJANA DUOL"]
[BlackTeam "SK DOLENJSKE TOPLICE"]

1. e4 c5 2. Nc3 Nc6 3. Nf3 g6 4. d4 cxd4 5. Nxd4 Bg7 6. Nb3 d6 7. Be2 Nf6 8.
O-O O-O 9. Bg5 a5 10. a4 Be6 11. f4 Qc8 12. Bf3 Bg4 13. Kh1 Re8 14. Qd2 Nb4 15.
Rad1 Qc4 16. Nd4 Bxf3 17. Rxf3 e5 18. Ndb5 Nxe4 19. Nxe4 Qxe4 20. Nxd6 Qc6 21.
Nxe8 e4 22. Nxg7 exf3 23. Bh6 fxg2+ 24. Qxg2 Qxc2 25. Qxc2 Nxc2 26. f5 f6 27.
Kg2 Rc8 28. Rd7 g5 29. Nh5 Rc6 30. Kf3 Ne1+ 31. Ke4 Ng2 32. Rg7+ 1-0

[Event "III. CLANSKA LIGA ZAHOD 2017"]
[Site "Komenda"]
[Date "2017.11.25"]
[Round "6.2"]
[White "Pucelj, Joze"]
[Black "Persl, Bojan"]
[Result "1/2-1/2"]
[WhiteElo "2092"]
[BlackElo "2062"]
[PlyCount "60"]
[EventDate "2017.11.25"]
[WhiteTeam "SK DOLENJSKE TOPLICE"]
[BlackTeam "SK LJUBLJANA DUOL"]

1. d4 Nf6 2. Nf3 e6 3. Bf4 d5 4. e3 Bd6 5. Bg5 Nbd7 6. c4 c6 7. Nc3 O-O 8. Be2
Re8 9. O-O Qc7 10. Rc1 dxc4 11. Bxc4 b5 12. Bb3 Qb6 13. e4 Bf8 14. e5 Nd5 15.
Nxd5 cxd5 16. Qd2 Ba6 17. Rc2 Rac8 18. Rfc1 b4 19. Rxc8 Rxc8 20. Rxc8 Bxc8 21.
Be3 Ba6 22. Qc2 h6 23. Ba4 Bb5 24. Bxb5 Qxb5 25. b3 Qb7 26. Ne1 Be7 27. Nd3 Bf8
28. f4 g6 29. Kf2 Nb8 30. Ke2 Na6 1/2-1/2

[Event "III. CLANSKA LIGA ZAHOD 2017"]
[Site "Komenda"]
[Date "2017.11.25"]
[Round "6.3"]
[White "Trussevich, Simon"]
[Black "Muhic, Jure"]
[Result "1-0"]
[WhiteElo "1734"]
[BlackElo "1867"]
[PlyCount "98"]
[EventDate "2017.11.25"]
[WhiteTeam "SK LJUBLJANA DUOL"]
[BlackTeam "SK DOLENJSKE TOPLICE"]

1. d4 Nf6 2. c4 g6 3. Nc3 d5 4. cxd5 Nxd5 5. e4 Nxc3 6. bxc3 Bg7 7. Bc4 c5 8.
Ne2 Nc6 9. Be3 cxd4 10. cxd4 O-O 11. O-O b6 12. Rc1 Bb7 13. Qd2 Rc8 14. Rfd1
Qd7 15. f3 Na5 16. Bd3 Rxc1 17. Rxc1 Rc8 18. Rxc8+ Qxc8 19. Qb4 Bf8 20. Qc3
Qxc3 21. Nxc3 Nc6 22. d5 Ne5 23. Be2 Nd7 24. Bb5 Nc5 25. Bxc5 bxc5 26. Kf1 e6
27. dxe6 fxe6 28. Ke2 Kf7 29. Kd3 Bd6 30. g3 h5 31. Kc4 g5 32. Ne2 h4 33. Kd3
hxg3 34. hxg3 a5 35. g4 Ke7 36. Kc4 Kf6 37. Nc1 Bc8 38. Nd3 e5 39. Kd5 Bf8 40.
Nxc5 Be7 41. a3 Bf8 42. Bc4 Be7 43. Kc6 Bf8 44. a4 Be7 45. Kb5 Bd8 46. Bd5 Ke7
47. Bc6 Kf6 48. Kc4 Be7 49. Nd3 Bd8 {nejasno (60)} 1-0

[Event "III. CLANSKA LIGA ZAHOD 2017"]
[Site "Komenda"]
[Date "2017.11.25"]
[Round "6.4"]
[White "Janko, Roman"]
[Black "Pecnik, Primoz"]
[Result "1-0"]
[WhiteElo "1895"]
[BlackElo "1838"]
[PlyCount "87"]
[EventDate "2017.11.25"]
[WhiteTeam "SK DOLENJSKE TOPLICE"]
[BlackTeam "SK LJUBLJANA DUOL"]

1. e4 c5 2. Nc3 Nc6 3. f4 d6 4. Bc4 g6 5. Nf3 Bg7 6. O-O e6 7. d3 Nge7 8. Qe1
Nd4 9. Nxd4 Bxd4+ 10. Kh1 O-O 11. Ne2 Bg7 12. Bb3 e5 13. fxe5 Bxe5 14. Bh6 Bg7
15. Qh4 Nc6 16. Bg5 Qe8 17. Nc3 Be6 18. Nd5 Bxd5 19. Bxd5 Nd8 20. Be7 Bxb2 21.
Rab1 Be5 22. Bxf8 Qxf8 23. Rxf7 Nxf7 24. Rf1 Qd8 25. Qe1 Bf6 26. g4 g5 27. h4
h6 28. e5 dxe5 29. Qe4 Kg7 30. Bxf7 Kxf7 31. Qxb7+ Kg8 32. Rxf6 Qxf6 33. Qxa8+
Qf8 34. Qxf8+ Kxf8 35. hxg5 hxg5 36. Kg2 Ke7 37. Kf3 a5 38. Ke4 Kd6 39. Kf5 c4
40. Kxg5 a4 41. Kf5 cxd3 42. cxd3 Kd5 43. g5 Kd4 44. g6 1-0

[Event "III. CLANSKA LIGA ZAHOD 2017"]
[Site "Komenda"]
[Date "2017.11.25"]
[Round "6.5"]
[White "Jersic, Aleks"]
[Black "Gorse, Damjan"]
[Result "0-1"]
[WhiteElo "1666"]
[BlackElo "1781"]
[PlyCount "64"]
[EventDate "2017.11.25"]
[WhiteTeam "SK LJUBLJANA DUOL"]
[BlackTeam "SK DOLENJSKE TOPLICE"]

1. e4 e5 2. Nf3 Nc6 3. Bc4 Bc5 4. b4 Bxb4 5. c3 Bc5 6. d4 exd4 7. cxd4 Bb4+ 8.
Bd2 Qe7 9. O-O Bxd2 10. Nbxd2 Nh6 11. e5 O-O 12. Re1 Na5 13. Bd3 b6 14. Qc2 Bb7
15. Bxh7+ Kh8 16. Be4 d6 17. Bxb7 Nxb7 18. Nc4 d5 19. Ne3 Qd7 20. Nf1 Qe7 21.
Ng3 g6 22. Qd2 Kg7 23. Rac1 Nd8 24. Ng5 Rc8 25. Ne2 c5 26. h4 Ne6 27. Nxe6+
fxe6 28. h5 Qh4 29. Ng3 Ng4 30. Re2 Qh2+ 31. Kf1 Qxg3 32. Rc2 Qh2 0-1

[Event "III. CLANSKA LIGA ZAHOD 2017"]
[Site "Komenda"]
[Date "2017.11.25"]
[Round "6.6"]
[White "Kregulj, Andrej"]
[Black "Selih, Mario Carlos"]
[Result "1-0"]
[WhiteElo "1680"]
[BlackElo "1736"]
[PlyCount "121"]
[EventDate "2017.11.25"]
[WhiteTeam "SK DOLENJSKE TOPLICE"]
[BlackTeam "SK LJUBLJANA DUOL"]

1. d4 Nf6 2. Bf4 d5 3. e3 e6 4. Nf3 c5 5. Nc3 a6 6. a3 Nc6 7. Ne5 Bd6 8. Nxc6
bxc6 9. Bxd6 Qxd6 10. Be2 O-O 11. O-O Rb8 12. Rb1 cxd4 13. exd4 Nd7 14. Na4 f6
15. Bg4 c5 16. Re1 f5 17. Bf3 Rf6 18. Qd2 Bb7 19. Red1 c4 20. Nc3 Rbf8 21. Ne2
h6 22. b3 cxb3 23. Rxb3 Rb8 24. c4 Rff8 25. c5 Qc7 26. Nf4 Rfe8 27. Re1 Nf8 28.
Rb6 Bc6 29. Reb1 Rxb6 30. Rxb6 Rb8 31. Rxb8 Qxb8 32. g3 Qb3 33. Qe3 Qb1+ 34.
Kg2 Bb5 35. Be2 Bxe2 36. Qxe2 Kf7 37. Qd3 Qb7 38. Qc3 Qc6 39. Nd3 Ng6 40. f4
Ke7 41. Kf2 Kd7 42. Qa5 Kc8 43. Nb4 Qb5 44. Qxa6+ Qxa6 45. Nxa6 Kb7 46. Nb4 Ne7
47. Ke3 Nc8 48. Kd3 Na7 49. a4 Nc8 50. Kc3 Ne7 51. Nd3 Ng8 52. Kb4 Nf6 53. Kb5
Ne4 54. c6+ Kc7 55. Ne5 Nc3+ 56. Kb4 Ne4 57. a5 Nd2 58. Kb5 Nb3 59. Nf3 Na1 60.
a6 Nc2 61. a7 1-0

[Event "III. CLANSKA LIGA ZAHOD 2017"]
[Site "Komenda"]
[Date "2017.11.25"]
[Round "6.1"]
[White "Anakiev, Dimitar"]
[Black "Rodman, Franc"]
[Result "0-1"]
[WhiteElo "1999"]
[BlackElo "2062"]
[PlyCount "70"]
[EventDate "2017.11.25"]
[WhiteTeam "SD RADOVLJICA"]
[BlackTeam "SD SIJ SCRONI JESENICE"]

1. d4 Nf6 2. Nf3 g6 3. b3 Bg7 4. Bb2 O-O 5. e3 c5 6. Be2 b6 7. O-O Bb7 8. c4 d6
9. Nbd2 e6 10. Qc2 Nc6 11. Rad1 Qc7 12. Bc3 Rfd8 13. Qb2 Qe7 14. Rfe1 Re8 15.
dxc5 dxc5 16. Ne4 Nxe4 17. Bxg7 f6 18. Bh6 e5 19. Bd3 Nd6 20. e4 Nf7 21. Bc1
Nfd8 22. Re3 Ne6 23. Rde1 Rad8 24. h4 Rd6 25. h5 Red8 26. Bf1 Nf4 27. hxg6 hxg6
28. g3 Nd3 29. Bxd3 Rxd3 30. Rxd3 Rxd3 31. Nh4 Qf7 32. Be3 Qd7 33. Qe2 Rd6 34.
Kg2 Nd4 35. Bxd4 Rxd4 0-1

[Event "III. CLANSKA LIGA ZAHOD 2017"]
[Site "Komenda"]
[Date "2017.11.25"]
[Round "6.2"]
[White "Jeraj, Zlatko"]
[Black "Prestrl, Jozef"]
[Result "1-0"]
[WhiteElo "2027"]
[BlackElo "1892"]
[PlyCount "81"]
[EventDate "2017.11.25"]
[WhiteTeam "SD SIJ SCRONI JESENICE"]
[BlackTeam "SD RADOVLJICA"]

1. d4 d5 2. Nf3 a6 3. e3 Bg4 4. c4 c6 5. cxd5 Bxf3 6. Qxf3 cxd5 7. Bd3 Nf6 8.
Nc3 e6 9. O-O Nc6 10. h3 Bd6 11. Qd1 O-O 12. f4 g6 13. Bd2 Rc8 14. Be1 Be7 15.
Rc1 Ne8 16. Na4 Na7 17. Rxc8 Nxc8 18. Qb3 b5 19. Nc3 Qb6 20. Bf2 Ned6 21. e4
dxe4 22. Nxe4 Nxe4 23. Bxe4 Na7 24. d5 Bc5 25. dxe6 Bxf2+ 26. Rxf2 fxe6 27. g3
Kg7 28. Kg2 Rd8 29. Bf3 Nc8 30. Re2 Kf7 31. Bg4 Rd6 32. f5 gxf5 33. Bxf5 h6 34.
Rf2 Ke7 35. Bg6 Qc6+ 36. Kh2 Qc1 37. Qf3 Rd2 38. Qf8+ Kd7 39. Be8+ Kc7 40. Qf4+
e5 41. Qxd2 1-0

[Event "III. CLANSKA LIGA ZAHOD 2017"]
[Site "Komenda"]
[Date "2017.11.25"]
[Round "6.3"]
[White "Jovan, Romuald"]
[Black "Pazlar, Marko"]
[Result "0-1"]
[WhiteElo "1914"]
[BlackElo "2069"]
[PlyCount "52"]
[EventDate "2017.11.25"]
[WhiteTeam "SD RADOVLJICA"]
[BlackTeam "SD SIJ SCRONI JESENICE"]

1. d4 e6 2. c4 f5 3. Nc3 Bb4 4. a3 Bxc3+ 5. bxc3 Nf6 6. Nf3 b6 7. g3 O-O 8. Bg2
Bb7 9. O-O Qe8 10. Ne5 Bxg2 11. Kxg2 d6 12. Nf3 Ne4 13. Qd3 Nd7 14. Ng5 Nxg5
15. Bxg5 Qg6 16. h4 h6 17. Bd2 a5 18. Rae1 Nf6 19. f3 e5 20. e4 Nh5 21. f4 fxe4
22. Rxe4 Nxg3 23. Qxg3 Qxe4+ 24. Kh2 exf4 25. Bxf4 Rf6 26. Kh3 Raf8 0-1

[Event "III. CLANSKA LIGA ZAHOD 2017"]
[Site "Komenda"]
[Date "2017.11.25"]
[Round "6.4"]
[White "Pavlin, Ivan"]
[Black "Kocevar, Tugomir"]
[Result "1-0"]
[WhiteElo "1833"]
[BlackElo "1876"]
[PlyCount "93"]
[EventDate "2017.11.25"]
[WhiteTeam "SD SIJ SCRONI JESENICE"]
[BlackTeam "SD RADOVLJICA"]

1. d4 d5 2. Nf3 Nf6 3. g3 c5 4. e3 Nc6 5. Bg2 Bg4 6. O-O e6 7. b3 Qb6 8. Bb2
cxd4 9. exd4 g6 10. h3 Bxf3 11. Bxf3 Bg7 12. c3 O-O 13. Re1 Rfe8 14. Na3 a5 15.
Nc2 a4 16. b4 Qc7 17. a3 b5 18. Ne3 Nd7 19. Qd3 Rab8 20. Re2 Nb6 21. Rae1 Red8
22. Qxb5 Nc4 23. Qxa4 Ra8 24. Qb3 Nd6 25. Rc1 Rab8 26. Qd1 f5 27. c4 Ne4 28.
Bxe4 dxe4 29. d5 Ne5 30. Bxe5 Bxe5 31. c5 Bxg3 32. d6 Bxf2+ 33. Kxf2 Qc6 34.
Nc4 f4 35. Ne5 e3+ 36. Kg1 Qe4 37. Ng4 Qf3 38. Rxe3 Qxd1+ 39. Rxd1 fxe3 40.
Nxe3 Kf7 41. Ng4 Ra8 42. Rd3 h5 43. Rf3+ Kg7 44. Ne5 Rf8 45. Rxf8 Rxf8 46. c6
Ra8 47. d7 1-0

[Event "III. CLANSKA LIGA ZAHOD 2017"]
[Site "Komenda"]
[Date "2017.11.25"]
[Round "6.5"]
[White "Krivec, Metod"]
[Black "Ravnik, Franc"]
[Result "1/2-1/2"]
[WhiteElo "1755"]
[BlackElo "1886"]
[PlyCount "37"]
[EventDate "2017.11.25"]
[WhiteTeam "SD RADOVLJICA"]
[BlackTeam "SD SIJ SCRONI JESENICE"]

1. d4 d5 2. c4 c6 3. Nf3 Nf6 4. Nc3 g6 5. e3 Bg7 6. Be2 O-O 7. O-O b6 8. cxd5
cxd5 9. b3 Bb7 10. Bb2 Nc6 11. Rc1 Rc8 12. Re1 Re8 13. Bd3 Bh6 14. Ne2 Ng4 15.
Ng3 Nf6 16. Ne2 Ng4 17. Ng3 Nf6 18. Ne2 Ng4 19. Ng3 1/2-1/2

[Event "III. CLANSKA LIGA ZAHOD 2017"]
[Site "Komenda"]
[Date "2017.11.25"]
[Round "6.6"]
[White "Halilov, Esad"]
[Black "Torkar, Boris"]
[Result "0-1"]
[WhiteElo "1854"]
[BlackElo "1812"]
[PlyCount "66"]
[EventDate "2017.11.25"]
[WhiteTeam "SD SIJ SCRONI JESENICE"]
[BlackTeam "SD RADOVLJICA"]

1. e4 e6 2. Nf3 d5 3. exd5 exd5 4. d4 Bg4 5. Be2 Nf6 6. Bg5 Bd6 7. Qd3 O-O 8.
Nbd2 Nbd7 9. h3 Bh5 10. O-O-O c5 11. Nh4 c4 12. Nxc4 dxc4 13. Qxc4 Bxe2 14.
Qxe2 Qa5 15. Bxf6 Nxf6 16. Kb1 Rfe8 17. Qf3 Ne4 18. c3 Rad8 19. Nf5 Qb5 20. Ka1
Bf8 21. Ne3 Qa4 22. h4 Rd6 23. b3 Qc6 24. Nc4 Rf6 25. Qd3 Nxf2 26. Qg3 Nxh1 27.
Rxh1 Re2 28. Rg1 Rff2 29. Rd1 Rxa2+ 30. Kb1 Qe4+ 31. Qd3 Qxg2 32. Ne3 Rfb2+ 33.
Kc1 Ra1+ 0-1

[Event "III. CLANSKA LIGA ZAHOD 2017"]
[Site "Komenda"]
[Date "2017.11.26"]
[Round "7.1"]
[White "Luzar, Emil"]
[Black "Anakiev, Dimitar"]
[Result "1-0"]
[WhiteElo "2141"]
[BlackElo "1999"]
[PlyCount "105"]
[EventDate "2017.11.26"]
[WhiteTeam "SK DOLENJSKE TOPLICE"]
[BlackTeam "SD RADOVLJICA"]

1. e4 c5 2. Nc3 e6 3. f4 d5 4. Bb5+ Nc6 5. Nf3 d4 6. Nb1 Nf6 7. Bxc6+ bxc6 8.
d3 c4 9. e5 Ng4 10. dxc4 Bc5 11. Qd3 Ne3 12. Bxe3 dxe3 13. Qxd8+ Kxd8 14. Ke2
a5 15. Nc3 Ba6 16. b3 Ke7 17. Nd1 a4 18. Nxe3 Ra7 19. Nd2 Bd4 20. Rab1 c5 21.
Nd1 axb3 22. axb3 Ba1 23. Nf2 Bc3 24. Nde4 Bd4 25. Nd3 Rc7 26. Kd2 Bb7 27. Rhe1
Ra8 28. g3 Bxe4 29. Rxe4 Rd7 30. Re2 Ra2 31. Ke1 Rda7 32. Kf1 Rc7 33. Rc1 Ra1
34. Rxa1 Bxa1 35. Nf2 f5 36. exf6+ gxf6 37. f5 e5 38. Ne4 Bb2 39. Re1 h5 40.
Rb1 Bd4 41. Ke2 Ra7 42. c3 Ra2+ 43. Kf3 Rxh2 44. cxd4 cxd4 45. Nf2 h4 46. Rh1
hxg3 47. Kxg3 Rxh1 48. Nxh1 e4 49. Kf4 e3 50. Ng3 Kd6 51. Ke4 Kc5 52. Kd3 Kb4
53. Kxd4 1-0

[Event "III. CLANSKA LIGA ZAHOD 2017"]
[Site "Komenda"]
[Date "2017.11.26"]
[Round "7.2"]
[White "Prestrl, Jozef"]
[Black "Pucelj, Joze"]
[Result "0-1"]
[WhiteElo "1892"]
[BlackElo "2092"]
[PlyCount "80"]
[EventDate "2017.11.26"]
[WhiteTeam "SD RADOVLJICA"]
[BlackTeam "SK DOLENJSKE TOPLICE"]

1. Nf3 g6 2. d4 Bg7 3. b3 c5 4. e3 Nc6 5. c3 b6 6. Bb2 Bb7 7. Be2 e6 8. O-O d6
9. dxc5 bxc5 10. Qc2 Nf6 11. Nbd2 O-O 12. Rad1 Qc7 13. h3 Rfd8 14. Nh2 d5 15.
Qb1 Qb6 16. c4 d4 17. exd4 cxd4 18. Bf3 Rd7 19. Ne4 Nxe4 20. Bxe4 Rad8 21. Kh1
a5 22. Ba3 Nb4 23. Bxb7 Rxb7 24. Bxb4 axb4 25. Qd3 e5 26. Rfe1 f5 27. f3 Re7
28. Nf1 e4 29. fxe4 fxe4 30. Qb1 Rde8 31. Ng3 d3 32. Nf1 Bc3 33. Re3 Bd4 34.
Rg3 Bf2 35. Rg5 e3 36. Nxe3 Rxe3 37. Kh2 Qc7+ 38. g3 Rxg3 39. Rxg3 Qxg3+ 40.
Kh1 Qxh3# 0-1

[Event "III. CLANSKA LIGA ZAHOD 2017"]
[Site "Komenda"]
[Date "2017.11.26"]
[Round "7.3"]
[White "Muhic, Jure"]
[Black "Jovan, Romuald"]
[Result "0-1"]
[WhiteElo "1867"]
[BlackElo "1914"]
[PlyCount "76"]
[EventDate "2017.11.26"]
[WhiteTeam "SK DOLENJSKE TOPLICE"]
[BlackTeam "SD RADOVLJICA"]

1. Nf3 Nf6 2. c4 g6 3. Nc3 Bg7 4. g3 O-O 5. Bg2 d6 6. O-O c5 7. Rb1 Nc6 8. a3
Rb8 9. d3 Ng4 10. Bg5 h6 11. Bd2 Bd7 12. Qc1 Kh7 13. h4 Nge5 14. h5 Nxf3+ 15.
Bxf3 Nd4 16. Be4 Bf5 17. Kg2 Bxe4+ 18. dxe4 g5 19. Qd1 Qd7 20. e3 Nc6 21. Qe2
Qe6 22. b3 g4 23. f3 Ne5 24. fxg4 Nxg4 25. Rf4 Ne5 26. Nd5 Rbc8 27. Rbf1 f6 28.
Bc3 b6 29. Bxe5 dxe5 30. Qg4 Qxg4 31. Rxg4 Rf7 32. Rg6 Kh8 33. Rf3 e6 34. Nxf6
Rcf8 35. g4 Rxf6 36. Rgxf6 Rxf6 37. Rxf6 Bxf6 38. Kf3 Bh4 0-1

[Event "III. CLANSKA LIGA ZAHOD 2017"]
[Site "Komenda"]
[Date "2017.11.26"]
[Round "7.4"]
[White "Krivec, Metod"]
[Black "Janko, Roman"]
[Result "1/2-1/2"]
[WhiteElo "1755"]
[BlackElo "1895"]
[PlyCount "99"]
[EventDate "2017.11.26"]
[WhiteTeam "SD RADOVLJICA"]
[BlackTeam "SK DOLENJSKE TOPLICE"]

1. d4 d5 2. c4 dxc4 3. Nf3 Nf6 4. Nc3 c6 5. e3 Be6 6. a4 Qa5 7. Bd2 Qf5 8. Ne5
Ng4 9. Qxg4 Qxg4 10. Nxg4 Bxg4 11. Bxc4 e6 12. O-O Nd7 13. h3 Bh5 14. Rac1 Nb6
15. Bb3 Bb4 16. Ne4 Bxd2 17. Nxd2 Nd7 18. Ne4 Ke7 19. Nc5 Nxc5 20. Rxc5 Bg6 21.
Rfc1 Rhd8 22. Kf1 f6 23. Ke2 Rd7 24. f4 Be4 25. g3 g6 26. Bc2 Bxc2 27. R1xc2
Rd5 28. R5c3 h5 29. h4 e5 30. dxe5 fxe5 31. Kf3 Kf6 32. Rc4 Rad8 33. Ke4 Re8
34. Kf3 exf4 35. gxf4 Rd3 36. Re4 Rxe4 37. Kxe4 Rb3 38. Rd2 Ke6 39. Rg2 Rb4+
40. Kd3 Kf6 41. e4 Rxa4 42. Ke3 Rb4 43. e5+ Kf7 44. Rd2 a5 45. Rd7+ Kf8 46. Rd6
Kg7 47. Rd7+ Kf8 48. Rd6 Kg7 49. Rd7+ Kf8 50. Rd6 1/2-1/2

[Event "III. CLANSKA LIGA ZAHOD 2017"]
[Site "Komenda"]
[Date "2017.11.26"]
[Round "7.5"]
[White "Gorse, Damjan"]
[Black "Torkar, Boris"]
[Result "1/2-1/2"]
[WhiteElo "1781"]
[BlackElo "1812"]
[PlyCount "76"]
[EventDate "2017.11.26"]
[WhiteTeam "SK DOLENJSKE TOPLICE"]
[BlackTeam "SD RADOVLJICA"]

1. e4 e6 2. d4 d5 3. exd5 exd5 4. Bd3 Bd6 5. Qf3 Nf6 6. Bg5 Be7 7. h3 O-O 8.
Ne2 Re8 9. O-O Nbd7 10. Nd2 Nf8 11. Ng3 c6 12. c3 Bd7 13. Rfe1 Ne4 14. Be3 Nf6
15. Ndf1 Qc7 16. Nf5 Bxf5 17. Bxf5 Bd6 18. Bg5 N8d7 19. h4 h6 20. Bd2 Rad8 21.
g4 Rxe1 22. Rxe1 Re8 23. g5 Rxe1 24. Bxe1 hxg5 25. hxg5 Ne8 26. Bd2 g6 27. Bd3
Nf8 28. Qg4 Ng7 29. f4 Qd7 30. Qf3 Nf5 31. Kf2 Qe6 32. Ne3 Nxe3 33. Bxe3 Qe7
34. f5 gxf5 35. Bxf5 Ng6 36. Qh5 Qe8 37. Kf3 Bc7 38. Qg4 Qe7 1/2-1/2

[Event "III. CLANSKA LIGA ZAHOD 2017"]
[Site "Komenda"]
[Date "2017.11.26"]
[Round "7.6"]
[White "Pretnar, Bostjan"]
[Black "Kregulj, Andrej"]
[Result "1-0"]
[WhiteElo "1752"]
[BlackElo "1680"]
[PlyCount "48"]
[EventDate "2017.11.26"]
[WhiteTeam "SD RADOVLJICA"]
[BlackTeam "SK DOLENJSKE TOPLICE"]

1. d4 d5 2. Bg5 Nf6 3. e3 e6 4. Bd3 c5 5. c3 Nc6 6. Nd2 cxd4 7. exd4 Be7 8.
Ngf3 h6 9. Bf4 Bd6 10. Bxd6 Qxd6 11. Qe2 a6 12. Ne5 O-O 13. f4 Nh7 14. Qh5 f5
15. O-O Nxe5 16. fxe5 Qb6 17. Rab1 Ng5 18. h4 Ne4 19. Bxe4 dxe4 20. Nxe4 Bd7
21. Nf6+ gxf6 22. Qg6+ Kh8 23. Qxh6+ Kg8 24. Qg6+ Kh8 1-0

[Event "III. CLANSKA LIGA ZAHOD 2017"]
[Site "Komenda"]
[Date "2017.11.26"]
[Round "7.1"]
[White "Debevec, Blaz"]
[Black "Timagin, Piotr"]
[Result "1/2-1/2"]
[WhiteElo "2196"]
[BlackElo "2322"]
[PlyCount "34"]
[EventDate "2017.11.26"]
[WhiteTeam "SK KOMENDA"]
[BlackTeam "SK LJUBLJANA DUOL"]

1. d4 Nf6 2. c4 g6 3. Nf3 Bg7 4. g3 O-O 5. Bg2 d6 6. Nc3 Nc6 7. O-O Bf5 8. d5
Na5 9. Nd2 c6 10. b4 Nxd5 11. cxd5 Bxc3 12. e4 Bd7 13. Rb1 Bxd2 14. Bxd2 Nc4
15. Bh6 Qb6 16. Qe2 cxd5 17. exd5 Ne5 1/2-1/2

[Event "III. CLANSKA LIGA ZAHOD 2017"]
[Site "Komenda"]
[Date "2017.11.26"]
[Round "7.2"]
[White "Persl, Bojan"]
[Black "Subelj, Jan"]
[Result "0-1"]
[WhiteElo "2062"]
[BlackElo "2070"]
[PlyCount "68"]
[EventDate "2017.11.26"]
[WhiteTeam "SK LJUBLJANA DUOL"]
[BlackTeam "SK KOMENDA"]

1. e4 e5 2. Nf3 Nc6 3. Bb5 a6 4. Ba4 Nge7 5. O-O g6 6. d4 exd4 7. Nxd4 Bg7 8.
Be3 O-O 9. Nc3 b5 10. Bb3 Na5 11. Nde2 d6 12. Qc1 Bb7 13. Rd1 Re8 14. f3 Nxb3
15. axb3 b4 16. Nb1 f5 17. Nd4 fxe4 18. Ne6 Qc8 19. Nxg7 Kxg7 20. Bd4+ Kg8 21.
Nd2 Nf5 22. Nxe4 Bxe4 23. fxe4 Rxe4 24. Bf2 Qb7 25. Qg5 Kg7 26. Re1 Rae8 27.
Rxe4 Rxe4 28. Re1 Rxe1+ 29. Bxe1 Qe4 30. Bd2 h6 31. Qf4 Qxf4 32. Bxf4 Nd4 33.
Bd2 Nxc2 34. Kf2 a5 0-1

[Event "III. CLANSKA LIGA ZAHOD 2017"]
[Site "Komenda"]
[Date "2017.11.26"]
[Round "7.4"]
[White "Trussevich, Simon"]
[Black "Skok, Boris"]
[Result "1/2-1/2"]
[WhiteElo "1734"]
[BlackElo "2002"]
[PlyCount "70"]
[EventDate "2017.11.26"]
[WhiteTeam "SK LJUBLJANA DUOL"]
[BlackTeam "SK KOMENDA"]

1. d4 Nf6 2. c4 e6 3. Nf3 d5 4. Nc3 Bb4 5. Qb3 Nc6 6. e3 O-O 7. Bd2 Re8 8. a3
Bf8 9. Be2 Na5 10. Qa4 Nxc4 11. Bxc4 dxc4 12. Qxc4 b6 13. e4 Bb7 14. Bg5 Be7
15. Qe2 a5 16. Bxf6 Bxf6 17. Qe3 Ba6 18. e5 Be7 19. O-O-O c6 20. Kb1 b5 21. Ne4
a4 22. Nc5 Qb6 23. Qc3 Red8 24. Qb4 Rab8 25. Rc1 Bc8 26. Nd2 Qa7 27. Nde4 Rd5
28. f4 Bd8 29. Qc3 Ba5 30. Qd3 Bd8 31. Qf3 h6 32. g4 Ba5 33. Qd3 b4 34. Ka1
bxa3 35. bxa3 Qe7 1/2-1/2

[Event "III. CLANSKA LIGA ZAHOD 2017"]
[Site "Komenda"]
[Date "2017.11.26"]
[Round "7.5"]
[White "Juhant, Igor"]
[Black "Jersic, Aleks"]
[Result "1-0"]
[WhiteElo "1976"]
[BlackElo "1666"]
[PlyCount "47"]
[EventDate "2017.11.26"]
[WhiteTeam "SK KOMENDA"]
[BlackTeam "SK LJUBLJANA DUOL"]

1. e4 c5 2. Nf3 d6 3. d4 cxd4 4. Nxd4 Nf6 5. Nc3 g6 6. f3 Bg7 7. Be3 O-O 8. Qd2
Nc6 9. g4 Nxd4 10. Bxd4 Be6 11. O-O-O Qc7 12. h4 a6 13. h5 Rac8 14. hxg6 fxg6
15. g5 Ne8 16. Qh2 Kf7 17. f4 Bg4 18. Be2 Bxe2 19. Qxe2 e5 20. fxe5 dxe5 21.
Be3 Kg8 22. Qh2 Bh8 23. Qh3 Nd6 24. Rxd6 1-0

[Event "III. CLANSKA LIGA ZAHOD 2017"]
[Site "Komenda"]
[Date "2017.11.26"]
[Round "7.6"]
[White "Selih, Mario Carlos"]
[Black "Zajc, Jan"]
[Result "0-1"]
[WhiteElo "1736"]
[BlackElo "1718"]
[PlyCount "90"]
[EventDate "2017.11.26"]
[WhiteTeam "SK LJUBLJANA DUOL"]
[BlackTeam "SK KOMENDA"]

1. e4 c5 2. Nf3 d6 3. d4 cxd4 4. Nxd4 Nf6 5. Nc3 a6 6. Be2 e6 7. Be3 Be7 8. O-O
O-O 9. f3 b5 10. a3 e5 11. Nb3 Be6 12. Qe1 Qc7 13. Rd1 Nbd7 14. Qd2 Rfd8 15.
Bg5 h6 16. Be3 Bf8 17. Nd5 Nxd5 18. exd5 Bf5 19. Bd3 Bxd3 20. Qxd3 Rdc8 21. Rc1
Nb6 22. Bxb6 Qxb6+ 23. Kh1 Rc4 24. c3 Qd8 25. Nd2 Rc7 26. c4 Rac8 27. b3 Be7
28. Rc3 g6 29. Rfc1 Bg5 30. cxb5 axb5 31. R1c2 Rxc3 32. Rxc3 Rxc3 33. Qxc3 Qa8
34. Ne4 Qxd5 35. Nf2 Kg7 36. Qd3 Qc5 37. Qf1 Qxa3 38. Qb1 Qc1+ 39. Qxc1 Bxc1
40. Nd3 Bd2 41. Kg1 Kf6 42. Kf1 Ke6 43. Ke2 Bc3 44. Ke3 d5 45. Nf2 Bd4+ 0-1

[Event "III. CLANSKA LIGA ZAHOD 2017"]
[Site "Komenda"]
[Date "2017.11.26"]
[Round "7.1"]
[White "Jukan, Nesib"]
[Black "Hrescak, Ivana"]
[Result "0-1"]
[WhiteElo "2007"]
[BlackElo "1923"]
[PlyCount "100"]
[EventDate "2017.11.26"]
[WhiteTeam "SK TRZIN"]
[BlackTeam "SK POSTOJNA"]

1. d4 Nf6 2. Bg5 Ne4 3. Bf4 d5 4. Nd2 Bf5 5. e3 e6 6. Bd3 Nxd2 7. Qxd2 Bxd3 8.
Qxd3 c5 9. Qb5+ Qd7 10. Qxd7+ Nxd7 11. Nf3 Rc8 12. c3 f6 13. h4 Kf7 14. g4 Be7
15. O-O-O b5 16. g5 b4 17. Kd2 Nb6 18. Rb1 a5 19. cxb4 cxd4 20. exd4 axb4 21.
Rhc1 Ra8 22. Ra1 Nc4+ 23. Kc2 Rhc8 24. Kb1 Kg6 25. b3 Na3+ 26. Kb2 Kf5 27. Be3
Ke4 28. Nd2+ Kd3 29. Nf1 Ke4 30. Nd2+ Kf5 31. gxf6 gxf6 32. h5 e5 33. Nf1 Bd6
34. Ng3+ Kg4 35. Ne2 Kf3 36. Ng3 exd4 37. Bxd4 Be5 38. Nf5 Nb5 39. Bxe5 fxe5
40. Ne7 Rxc1 41. Rxc1 Nc3 42. a3 Ne2 43. Rc5 bxa3+ 44. Ka2 d4 45. Rxe5 Nc1+ 46.
Ka1 Nxb3+ 47. Ka2 Nc1+ 48. Ka1 a2 49. Rb5 d3 50. Nd5 Ra3 0-1

[Event "III. CLANSKA LIGA ZAHOD 2017"]
[Site "Komenda"]
[Date "2017.11.26"]
[Round "7.2"]
[White "Pridigar, Lovro"]
[Black "Leben, Dusan"]
[Result "1-0"]
[WhiteElo "2040"]
[BlackElo "1858"]
[PlyCount "33"]
[EventDate "2017.11.26"]
[WhiteTeam "SK POSTOJNA"]
[BlackTeam "SK TRZIN"]

1. d4 Nf6 2. Nf3 e6 3. c3 d5 4. Bf4 Bd6 5. Bg3 Ne4 6. Nbd2 Nxg3 7. hxg3 h6 8.
e4 dxe4 9. Nxe4 Be7 10. Bc4 Nd7 11. Qe2 Nb6 12. Bb3 c6 13. Rd1 Qc7 14. Ne5 Nd7
15. Nxf7 Kxf7 16. Ng5+ Ke8 17. Qh5+ 1-0

[Event "III. CLANSKA LIGA ZAHOD 2017"]
[Site "Komenda"]
[Date "2017.11.26"]
[Round "7.3"]
[White "Bajec, Borut"]
[Black "Skrbec, Leon"]
[Result "1-0"]
[WhiteElo "1805"]
[BlackElo "1618"]
[PlyCount "57"]
[EventDate "2017.11.26"]
[WhiteTeam "SK TRZIN"]
[BlackTeam "SK POSTOJNA"]

1. d4 Nf6 2. c4 e6 3. Nc3 Bb4 4. Bd2 b6 5. Nf3 Bb7 6. e3 O-O 7. a3 Bxc3 8. Bxc3
d6 9. Be2 Nbd7 10. b3 Ne4 11. Bb2 c5 12. O-O Qe7 13. Qc2 Rac8 14. Rad1 Ndf6 15.
Nd2 Nxd2 16. Qxd2 Ne4 17. Qc2 cxd4 18. Rxd4 d5 19. Bd3 e5 20. Bxe4 exd4 21.
Bxh7+ Kh8 22. Bf5 Rc7 23. Bxd4 dxc4 24. bxc4 Qg5 25. f4 Qe7 26. Qf2 Rc6 27. Qg3
Rg8 28. Qh3+ Rh6 29. Qxh6# 1-0

[Event "III. CLANSKA LIGA ZAHOD 2017"]
[Site "Komenda"]
[Date "2017.11.26"]
[Round "7.4"]
[White "Jereb, Lana"]
[Black "Krupenko, Peter"]
[Result "1/2-1/2"]
[WhiteElo "1678"]
[BlackElo "1631"]
[PlyCount "60"]
[EventDate "2017.11.26"]
[WhiteTeam "SK POSTOJNA"]
[BlackTeam "SK TRZIN"]

1. e4 Nf6 2. Nc3 d5 3. exd5 Nxd5 4. Bc4 c6 5. d4 g6 6. Nf3 Bg7 7. O-O O-O 8. h3
h6 9. Re1 Bf5 10. Nxd5 cxd5 11. Bd3 Bxd3 12. Qxd3 Nc6 13. c3 Qc7 14. Be3 Rac8
15. Qd2 Kh7 16. Bf4 Qd8 17. Ne5 e6 18. Re3 Nxe5 19. Bxe5 Bxe5 20. Rxe5 Kg7 21.
Rae1 Rc6 22. Qf4 Qf6 23. Qxf6+ Kxf6 24. R1e3 Ra6 25. a3 Rb6 26. Re2 Rc6 27.
R2e3 Rb6 28. Re2 Rc6 29. R2e3 Rb6 30. Re2 Rc6 1/2-1/2